Online Catalogue and eLibrary

Women and human rights / (Record no. 541)

MARC details
000 -LEADER
fixed length control field 00664pam a2200229 a 4500
001 - CONTROL NUMBER
control field 1579213
005 - DATE AND TIME OF LATEST TRANSACTION
control field 20240304233914.0
008 - FIXED-LENGTH DATA ELEMENTS--GENERAL INFORMATION
fixed length control field 930507s1993 enka b 001 0 eng
020 ## - INTERNATIONAL STANDARD BOOK NUMBER
ISBN 1856491196
020 ## - INTERNATIONAL STANDARD BOOK NUMBER
ISBN 185649120X
040 ## - CATALOGING SOURCE (பட்டியலாக்க மூலம்)
Original cataloging agency DLC
Transcribing agency DLC
Modifying agency DLC
082 00 - DDC Classification
Class No. 323.334,
DDC Edition Number 20
Item Number - Author Mark WOM.
100 1# - MAIN ENTRY--PERSONAL NAME
Personal name Tomaševski, Katarina.
245 10 - TITLE STATEMENT
Title Women and human rights /
Statement of responsibility, etc. prepared by Katarina Tomaševski.
260 ## - PUBLICATION, DISTRIBUTION, ETC.
Place of publication, distribution, etc. London ;
Name of publisher, distributor, etc. Zed Books LTD.
Date of publication, distribution, etc. 1993.
300 ## - PHYSICAL DESCRIPTION
Extent (e.g. Volumes, Pages etc.) xiv, 162 p. :
650 #0 - SUBJECT ADDED ENTRY--TOPICAL TERM
Topical term or geographic name entry element Women's rights.
650 #0 - SUBJECT ADDED ENTRY--TOPICAL TERM
Topical term or geographic name entry element Sex discrimination against women.
650 #0 - SUBJECT ADDED ENTRY--TOPICAL TERM
Topical term or geographic name entry element Women
856 42 - ELECTRONIC LOCATION AND ACCESS
Uniform Resource Identifier <a href="http://www.loc.gov/catdir/description/hol054/93024674.html">http://www.loc.gov/catdir/description/hol054/93024674.html</a>
942 ## - Koha item type (Biblio)
Koha item type Books in Stacks (Lending)
Holdings
Lost status Damaged status Collection code Home library Current library Date acquired Full call number Accession Number Item type
    Lending WERC Library WERC Library 03/05/2024 323.334, WOM. 3024 Books in Stacks (Lending)

© WERC Library